000 00648nam a2200277Ia 4500
005 20260324115418.0
008 008 260324s9999 xx 000 0 eng d
020 _a9780429443183
037 _aEBOOK
040 _aCRL
040 _beng
040 _cCRL
041 _2eng
041 _aeng
084 _qCRL
100 _aAlex Martynenko; Andreas Bück
_91154561
245 0 _aIntelligent Control in Drying
260 _bTaylor and Francis
260 _c2018
365 _a
365 _b385
856 _uhttp://www.taylorfrancis.com/books/9780429443183
942 _cEBOOK
999 _c1745431
_d1745431